mysqli: Table './ulib62015/stat_globaluid' is marked as crashed and should be repaired
select id from stat_globaluid where statuid='20260517235206_2134'
mysqli: Table './ulib62015/stat_globaluid' is marked as crashed and should be repaired
DELETE FROM stat_globaluid
WHERE id NOT IN (
SELECT id
FROM (
SELECT id
FROM stat_globaluid
ORDER BY id DESC
LIMIT 100
) foo
);
mysqli: Table './ulib62015/stat_globaluid' is marked as crashed and should be repaired
insert into stat_globaluid set
statuid='20260517235206_2134',
dt='1779036726',
phpself='/ULIB62015/dublinfull.php',
agent='Mozilla/5.0 AppleWebKit/537.36 (KHTML, like Gecko; compatible; ClaudeBot/1.0; +claudebot@anthropic.com)',
yea='2026',
mon='5',
dat='17',
ip='216.73.216.45'
mysqli: Table './ulib62015/stathist_viewbib_bib_type' is marked as crashed and should be repaired
insert into stathist_viewbib_bib_type set
dat='17' ,
mon='05' ,
yea='2026' ,
statuid='20260517235206_2134' ,
head='1290' ,
foot='marc' ,
dt='1779036726'
| LEADER : 00863nam 2200372 a 4500 |
| 001 1290 |
| 003 ULIB |
| 008 061101s2549 th m a000 0btha d |
| 020 ^a9749906829
|
| 050 4 ^aDS799.849.L3^bล979 2549/12
|
| 100 1 ^aไล่, ตงจิ้น
|
| 245 10 ^aไล่ตงจิ้น :^bลูกขอทานผู้ไม่ยอมแพ้ต่อชะตาชีวิต /^cLai Dong Jin เขียน ; วิลาวัลย์ สกุลบริรักษ์ แปล
|
| 246 15 ^aBeggar child.
|
| 250 ^aพิมพ์ครั้งที่ 12.
|
| 260 ^aกรุงเทพฯ :^bนานมีบุ๊คส์พับลิเคชั่น,^c2549.
|
| 300 ^a247 หน้า :^bภาพประกอบ.
|
| 500 ^aแปลจาก: Beggar child.
|
| 600 17 ^aไล่, ตงจิ้น,^cค.ศ. 1959-
|
| 650 7 ^aขอทาน^zไต้หวัน
|
| 650 7 ^aเด็กด้อยโอกาส^zไต้หวัน
|
| 700 0 ^aวิลาวัลย์ สกุลบริรักษ์,^eผู้แปล
|
| 700 1 ^aLai, Dong Jin.
|
| 945 ^p555^l0^i100010 |
| 999 ^afull
|
| คุณยังไม่ได้ล็อกอิน คุณสามารถมีกิจกรรมร่วมกับเว็บไซต์ได้ แต่ต้องล็อกอินก่อน :: |
|
|
|
| ลำดับที่ |
ประเภท |
เลขเรียก/บาร์โค้ด |
สถานที่ |
สถานะ |
| 1. |
 หนังสือ | DS799.849.L3 ล979 2549/12 2549 Barcode: 100010 | หนังสือทั่วไป | บนชั้น ขอยืม |
|
ยังไม่เคยถูกคอมเมนท์
|
| คอมเมนท์ทรัพยากรรายการนี้ |
|